[Event "XIV American Continental-ch 2019"]
[Site "Sao Paulo"]
[Date "2019.07.06"]
[Round "2.23"]
[White "Roselli Mailhe, Bernardo"]
[Black "Carvalho, Guillermo"]
[Result "1/2-1/2"]
[WhiteElo "2471"]
[BlackElo "2162"]
[Annotator "RC"]
[PlyCount "170"]
[EventDate "2019.07.05"]
[EventType "swiss"]
[EventCountry "BRA"]
[SourceTitle "playchess.com"]
[Source "ChessBase"]
[SourceQuality "1"]
[TimeControl "40/5400+30:1800+30"]

1. d4 {[%emt 0:03:47]} d5 {[%emt 0:00:00]} 2. c4 {[%emt 0:00:51]} e6 {[%emt 0:00:00]} 3. Nf3 {[%emt 0:00:19]} c5 {[%emt 0:00:10]} 4. cxd5 {[%emt 0:00:06]} exd5 {[%emt 0:00:07]} 5. g3 {[%emt 0:00:05]} Nf6 {[%emt 0:00:08]} 6. Bg2 {[%emt 0:00:41]} Be7 {[%emt 0:00:07]} 7. O-O {[%emt 0:01:41]} O-O {[%emt 0:00:28]} 8. Nc3 {[%emt 0:05:03]} Nc6 {[%emt 0:01:25]} 9. dxc5 {[%emt 0:01:09]} Bxc5 {[%emt 0:02:15]} 10. Na4 {[%emt 0:00:05]} Be7 {[%emt 0:02:49]} 11. Be3 {[%emt 0:00:06]} Ne4 {[%emt 0:05:43]} 12. Rc1 {[%emt 0:04:04]} Be6 {[%emt 0:03:51]} 13. Nd4 {[%emt 0:06:19]} Nxd4 {[%emt 0:02:55]} 14. Bxd4 {[%emt 0:00:07]} Qd7 {[%emt 0:17:55]} 15. f3 {[%emt 0:12:31]} Nf6 {[%emt 0:00:24]} 16. Nc5 {[%emt 0:01:03]} Bxc5 {[%emt 0:00:32]} 17. Rxc5 {[%emt 0:00:06]} b6 {[%emt 0:01:22]} 18. Rc3 {[%emt 0:04:12]} Qe7 {[%emt 0:02:14]} 19. Qd2 {[%emt 0:02:13]} Rac8 {[%emt 0:07:12]} 20. Rfc1 {[%emt 0:00:15]} Rxc3 {[%emt 0:00:44]} 21. Rxc3 {[%emt 0:00:06]} Rc8 {[%emt 0:12:42]} 22. Rxc8+ {[%emt 0:19:16]} Bxc8 {[%emt 0:00:07]} 23. Qc3 {[%emt 0:00:04]} Ba6 {[%emt 0:00:51]} 24. e3 {[%emt 0:00:27]} Ne8 {[%emt 0:01:32]} 25. a4 {[%emt 0:02:09]} Bc4 {[%emt 0:08:41]} 26. b3 {[%emt 0:09:39]} Ba6 {[%emt 0:03:37]} 27. a5 {[%emt 0:00:38]} Qe6 {[%emt 0:01:56]} 28. Kf2 {[%emt 0:01:47]} Qd6 {[%emt 0:02:21]} 29. Bf1 {[%emt 0:07:23]} Bxf1 {[%emt 0:01:40]} 30. Kxf1 {[%emt 0:00:04]} f6 {[%emt 0:00:38]} 31. Qc8 {[%emt 0:02:31]} Kf8 {[%emt 0:01:22]} 32. axb6 {[%emt 0:03:49]} axb6 {[%emt 0:00:06]} 33. Qb7 {[%emt 0:00:08]} Nc7 {[%emt 0:05:07]} 34. Qxb6 {[%emt 0:02:30]} Qd7 {[%emt 0:00:22]} 35. Qb7 {[%emt 0:01:54]} Qb5+ {[%emt 0:01:09]} 36. Qxb5 {[%emt 0:00:07]} Nxb5 {[%emt 0:00:03]} 37. Ke2 {[%emt 0:01:06]} Ke7 {[%emt 0:00:08]} 38. Kd3 {[%emt 0:00:47]} Ke6 {[%emt 0:00:15]} 39. g4 {[%emt 0:05:39]} g6 {[%emt 0:00:31]} 40. e4 {[%emt 0:02:14]} f5 {[%emt 0:01:27]} 41. gxf5+ {[%emt 0:05:06]} gxf5 {[%emt 0:00:11]} 42. exd5+ {[%emt 0:00:05]} Kxd5 {[%emt 0:00:08]} 43. Bg7 {[%emt 0:00:15]} Kc5 {[%emt 0:01:19]} 44. Bf8+ {[%emt 0:06:27]} Kd5 {[%emt 0:00:10]} 45. Ke3 {[%emt 0:00:19]} Nd4 {[%emt 0:00:32]} 46. b4 {[%emt 0:00:06]} Ne6 {[%emt 0:00:29]} 47. Be7 {[%emt 0:00:07]} Kc4 {[%emt 0:02:06]} 48. Bd6 {[%emt 0:03:02]} Kd5 {[%emt 0:00:30]} 49. Bc5 {[%emt 0:00:06]} Ke5 {[%emt 0:00:31]} 50. Kd3 {[%emt 0:02:12]} Kd5 {[%emt 0:00:10]} 51. Be3 {[%emt 0:00:53]} Nc7 {[%emt 0:01:22]} 52. Bf2 {[%emt 0:02:28]} Nb5 {[%emt 0:02:45]} 53. Ke3 {[%emt 0:00:22]} Ke5 {[%emt 0:00:40]} 54. Bg3+ {[%emt 0:00:11]} Ke6 {[%emt 0:00:08]} 55. Kf4 {[%emt 0:01:40]} h6 {[%emt 0:00:07]} 56. Ke3 {[%emt 0:00:07]} Kd5 {[%emt 0:00:39]} 57. Bf4 {[%emt 0:01:47]} h5 {[%emt 0:00:11]} 58. Bh6 {[%emt 0:01:20]} Kc4 {[%emt 0:05:09]} 59. Bf8 {[%emt 0:03:30]} Nc7 {[%emt 0:01:39]} 60. Kf2 {[%emt 0:00:48]} Ne6 {[%emt 0:02:31]} 61. Be7 {[%emt 0:00:09]} Nf4 {[%emt 0:00:16]} 62. Bd6 {[%emt 0:00:58]} Ng6 {[%emt 0:00:44]} 63. Ke3 {[%emt 0:02:32]} Kd5 {[%emt 0:00:29]} 64. Bg3 {[%emt 0:00:08]} Kc4 {[%emt 0:00:39]} 65. Be1 {[%emt 0:00:20]} Kd5 {[%emt 0:00:34]} 66. Bd2 {[%emt 0:06:10]} Kc4 {[%emt 0:00:17]} 67. Ke2 {[%emt 0:00:06]} Kd4 {[%emt 0:01:31]} 68. Be3+ {[%emt 0:00:57]} Kc4 {[%emt 0:00:37]} 69. Bc5 {[%emt 0:00:20]} Nf4+ {[%emt 0:00:42]} 70. Ke3 {[%emt 0:01:18]} Ng2+ {[%emt 0:00:30]} 71. Kd2 {[%emt 0:00:50]} Nf4 {[%emt 0:00:47]} 72. Bd6 {[%emt 0:00:21]} Ng6 {[%emt 0:01:33]} 73. Ke3 {[%emt 0:00:22]} Kd5 {[%emt 0:00:22]} 74. Bc7 {[%emt 0:00:34]} Kc4 {[%emt 0:00:49]} 75. Ba5 {[%emt 0:00:22]} Kd5 {[%emt 0:00:26]} 76. b5 {[%emt 0:01:03]} Kc5 {[%emt 0:00:38]} 77. b6 {[%emt 0:00:12]} Kc6 {[%emt 0:00:17]} 78. h3 {[%emt 0:01:19]} Kb7 {[%emt 0:00:59]} 79. Kd4 {[%emt 0:01:40]} Kc6 {[%emt 0:01:24]} 80. Bd2 {[%emt 0:01:20]} Nh4 {[%emt 0:06:32]} 81. Ke3 {[%emt 0:00:09]} Ng6 {[%emt 0:00:07]} 82. Ba5 {[%emt 0:00:08]} Kb7 {[%emt 0:00:18]} 83. Kd4 {[%emt 0:01:28]} Kc6 {[%emt 0:00:07]} 84. Bd2 {[%emt 0:00:37]} Nh4 {[%emt 0:00:09]} 85. Ke3 {[%emt 0:00:14]} Ng6 {[%emt 0:00:14] Ke4} 1/2-1/2

[Event "XIV American Continental-ch 2019"]
[Site "Sao Paulo"]
[Date "2019.07.06"]
[Round "2.24"]
[White "Caetano, Ryan Wesley Da Costa"]
[Black "Perdomo, Leandro"]
[Result "1/2-1/2"]
[WhiteElo "2155"]
[BlackElo "2468"]
[Annotator "RC"]
[PlyCount "52"]
[EventDate "2019.07.05"]
[EventType "swiss"]
[EventCountry "BRA"]
[SourceTitle "playchess.com"]
[Source "ChessBase"]
[SourceQuality "1"]
[TimeControl "40/5400+30:1800+30"]

1. d4 {[%emt 0:00:00]} Nf6 {[%emt 0:00:00]} 2. c4 {[%emt 0:00:00]} g6 {[%emt 0:00:00]} 3. Nc3 {[%emt 0:00:00]} Bg7 {[%emt 0:00:00]} 4. e4 {[%emt 0:00:00]} d6 {[%emt 0:00:00]} 5. Nf3 {[%emt 0:00:00]} O-O {[%emt 0:00:00]} 6. Be2 {[%emt 0:00:04]} e5 {[%emt 0:00:18]} 7. O-O {[%emt 0:00:08]} Nbd7 {[%emt 0:00:12]} 8. Be3 {[%emt 0:00:33]} Ng4 {[%emt 0:01:26]} 9. Bg5 {[%emt 0:00:13]} f6 {[%emt 0:00:03]} 10. Bh4 {[%emt 0:03:38]} Nh6 {[%emt 0:05:07]} 11. dxe5 {[%emt 0:08:16]} dxe5 {[%emt 0:03:24]} 12. Qd5+ {[%emt 0:04:31]} Nf7 {[%emt 0:01:18]} 13. Rfd1 {[%emt 0:01:00]} c6 {[%emt 0:02:09]} 14. Qd2 {[%emt 0:00:54]} Qe7 {[%emt 0:02:50]} 15. Na4 {[%emt 0:09:59]} Nb6 {[%emt 0:33:43]} 16. Qc2 {[%emt 0:11:12]} Nd8 {[%emt 0:09:40]} 17. h3 {[%emt 0:05:19]} Ne6 {[%emt 0:07:15]} 18. Rab1 {[%emt 0:02:09]} Nxa4 {[%emt 0:03:20]} 19. Qxa4 {[%emt 0:00:06]} Nc5 {[%emt 0:01:16]} 20. Qa3 {[%emt 0:02:20]} Re8 {[%emt 0:01:48]} 21. Nd2 {[%emt 0:06:25]} a5 {[%emt 0:05:21]} 22. Qe3 {[%emt 0:10:12]} Qf8 {[%emt 0:03:34]} 23. Nb3 {[%emt 0:03:42]} Nxb3 {[%emt 0:07:18]} 24. Qxb3 {[%emt 0:02:04]} Qc5 {[%emt 0:03:39]} 25. Rd2 {[%emt 0:03:00]} a4 {[%emt 0:02:41]} 26. Qc3 {[%emt 0:03:01]} Be6 {[%emt 0:01:54]} 1/2-1/2

[Event "XIV American Continental-ch 2019"]
[Site "Sao Paulo"]
[Date "2019.07.07"]
[Round "3.1"]
[White "Sanchez Alvarez, Roberto Carlos"]
[Black "Iturrizaga Bonelli, Eduardo"]
[Result "0-1"]
[WhiteElo "2434"]
[BlackElo "2625"]
[Annotator "TA"]
[PlyCount "74"]
[EventDate "2019.07.05"]
[EventType "swiss"]
[EventCountry "BRA"]
[SourceTitle "playchess.com"]
[Source "ChessBase"]
[SourceQuality "1"]

{[%evp 15,74,18,29,-27,26,20,8,10,10,23,7,0,0,0,31,30,26,0,0,12,10,16,0,0,0,0,0,0,0,0,0,0,0,-42,0,0,0,-261,-256,-270,-272,-354,-362,-357,-343,-357,-358,-339,-334,-334,-291,-397,-393,-400,-366,-599,-289,-302,-316,-519,-520]} 1. d4 Nf6 2. Nf3 e6 3. c4 b6 4. a3 Ba6 5. Qc2 Bb7 6. Nc3 c5 7. e4 cxd4 8. Nxd4 Bc5 9. Nf3 {E12: Queen's Indian: Unusual White 4th moves, 4 a3, 4 Nc3 Bb7 5 a3 and 4 Nc3 Bb7} Nc6 ({Better is} 9... Ng4) 10. b4 Nd4 11. Qd2 {The position is equal.} Nxf3+ 12. gxf3 Be7 13. Bb2 O-O 14. Rg1 a5 15. b5 {Hoping for Na4.} a4 $146 ({Predecessor:} 15... Kh8 16. O-O-O d6 {1-0 (42) Buhmann,R (2641)-Knoflicek,C (2200) Vienna 2016}) 16. O-O-O (16. Rd1 {is interesting.} g6 17. e5 Nh5 18. Qxd7 Bxf3 19. Be2) 16... g6 17. e5 Nh5 18. Be2 Bc5 19. Ne4 Bxe4 $1 20. fxe4 {And now Bxh5 would win.} Qh4 {[%mdl 64] Double Attack} 21. Bf3 Rfd8 22. Kb1 Ng7 23. Rg3 Rac8 {[%cal Ba8c8,Bc8c7,Bc7c4][%mdl 32]} 24. h3 Rc7 (24... d6 $5 {[%cal Rd6e5]}) 25. Qc2 Rdc8 26. Rd2 $2 {[%mdl 8192]} (26. Qd3 $11 {and White stays safe.}) 26... Be3 $1 $19 27. Rd1 Rxc4 28. Qe2 Bf4 29. Rg4 Qh6 30. Rxd7 {Qd3 would now be nice for White.} Bc1 {...Bxb2 is the strong threat.} 31. Rg1 Bxb2 32. Qxb2 Qxh3 33. Rd3 {Black must now prevent Rh1.} Qh4 34. Qd2 {[#]} Rc2 $1 {[%mdl 512]} 35. Qe3 $2 {[#]} (35. Rd8+ {was worth a try.} Rxd8 36. Qxc2) (35. Qxc2 Rxc2) 35... Qxf2 (35... Nf5 $142 $1 {[%mdl 512]} 36. Qxb6 (36. exf5 Qc4) 36... Qf4 37. Rd8+ {[#]} Kg7 $1 {[%mdl 512]} 38. Rxc8 Rxc8) 36. Qxf2 Rxf2 37. Rgd1 $2 (37. Bd1 {is a better defense.}) 37... h5 {Accuracy: White = 48%, Black = 59%.} 0-1

[Event "XIV American Continental-ch 2019"]
[Site "Sao Paulo"]
[Date "2019.07.07"]
[Round "3.2"]
[White "Leitao, Rafael"]
[Black "Languidey, Simon Alejandro"]
[Result "1/2-1/2"]
[WhiteElo "2616"]
[BlackElo "2427"]
[Annotator "RC"]
[PlyCount "59"]
[EventDate "2019.07.05"]
[EventType "swiss"]
[EventCountry "BRA"]
[SourceTitle "playchess.com"]
[Source "ChessBase"]
[SourceQuality "1"]
[TimeControl "40/5400+30:1800+30"]

1. d4 {[%emt 0:02:14]} e6 {[%emt 0:01:37]} 2. c4 {[%emt 0:00:19]} d5 {[%emt 0:01:13]} 3. Nf3 {[%emt 0:00:26]} Nf6 {[%emt 0:00:19]} 4. Nc3 {[%emt 0:00:09]} a6 {[%emt 0:00:36]} 5. cxd5 {[%emt 0:12:22]} exd5 {[%emt 0:00:16]} 6. Bg5 {[%emt 0:02:22]} Be6 {[%emt 0:01:47]} 7. e3 {[%emt 0:03:26]} Nbd7 {[%emt 0:00:48]} 8. Bd3 {[%emt 0:00:13]} Bd6 {[%emt 0:02:53]} 9. O-O {[%emt 0:00:49]} c6 {[%emt 0:03:40]} 10. h3 {[%emt 0:05:39]} Qc7 {[%emt 0:03:30]} 11. Qc2 {[%emt 0:25:15]} h6 {[%emt 0:11:59]} 12. Bxf6 {[%emt 0:00:06]} Nxf6 {[%emt 0:00:10]} 13. Bf5 {[%emt 0:04:31]} Bxf5 {[%emt 0:10:09]} 14. Qxf5 {[%emt 0:00:10]} O-O {[%emt 0:00:09]} 15. Ne5 {[%emt 0:03:45]} Bxe5 {[%emt 0:05:55]} 16. dxe5 {[%emt 0:00:06]} Nd7 {[%emt 0:00:25]} 17. Rac1 {[%emt 0:02:32]} Nxe5 {[%emt 0:05:50]} 18. Nxd5 {[%emt 0:00:19]} Qd6 {[%emt 0:00:12]} 19. Nc3 {[%emt 0:01:17]} Rad8 {[%emt 0:02:26]} 20. Rfd1 {[%emt 0:01:58]} Qe7 {[%emt 0:00:59]} 21. Qe4 {[%emt 0:12:23]} f5 {[%emt 0:17:04]} 22. Qc2 {[%emt 0:01:08]} Qf7 {[%emt 0:01:01]} 23. Rxd8 {[%emt 0:01:16]} Rxd8 {[%emt 0:00:13]} 24. Rd1 {[%emt 0:00:17]} Rxd1+ {[%emt 0:04:56]} 25. Qxd1 {[%emt 0:00:14]} Qd7 {[%emt 0:01:28]} 26. Qb3+ {[%emt 0:02:29]} Kh7 {[%emt 0:01:11]} 27. f4 {[%emt 0:09:22]} Nd3 {[%emt 0:08:06]} 28. Qd1 {[%emt 0:00:46]} c5 {[%emt 0:01:06]} 29. b3 {[%emt 0:00:06]} b5 {[%emt 0:00:37]} 30. Ne2 {[%emt 0:02:19]} 1/2-1/2

[Event "XIV American Continental-ch 2019"]
[Site "Sao Paulo"]
[Date "2019.07.07"]
[Round "3.3"]
[White "Proudian, Armen"]
[Black "Delgado Ramirez, Neuris"]
[Result "1/2-1/2"]
[WhiteElo "2429"]
[BlackElo "2605"]
[Annotator "RC"]
[PlyCount "43"]
[EventDate "2019.07.05"]
[EventType "swiss"]
[EventCountry "BRA"]
[SourceTitle "playchess.com"]
[Source "ChessBase"]
[SourceQuality "1"]
[TimeControl "40/5400+30:1800+30"]

1. e4 {[%emt 0:00:00]} c5 {[%emt 0:22:16]} 2. Nf3 {[%emt 0:00:05]} d6 {[%emt 0:00:08]} 3. d4 {[%emt 0:00:24]} cxd4 {[%emt 0:00:05]} 4. Nxd4 {[%emt 0:00:08]} Nf6 {[%emt 0:00:04]} 5. Nc3 {[%emt 0:00:21]} a6 {[%emt 0:00:06]} 6. Be3 {[%emt 0:00:37]} e5 {[%emt 0:00:05]} 7. Nb3 {[%emt 0:00:33]} Be7 {[%emt 0:00:06]} 8. Qd2 {[%emt 0:00:54]} O-O {[%emt 0:00:11]} 9. O-O-O {[%emt 0:02:49]} a5 {[%emt 0:00:36]} 10. a4 {[%emt 0:04:53]} Be6 {[%emt 0:00:35]} 11. f4 {[%emt 0:04:37]} Qc8 {[%emt 0:00:08]} 12. Kb1 {[%emt 0:09:27]} Nc6 {[%emt 0:00:55]} 13. f5 {[%emt 0:02:47]} Nxe4 {[%emt 0:00:39]} 14. Nxe4 {[%emt 0:01:53]} Bxf5 {[%emt 0:00:17]} 15. Nc3 {[%emt 0:13:06]} Nb4 {[%emt 0:00:53]} 16. Bd3 {[%emt 0:01:25]} Bxd3 {[%emt 0:07:25]} 17. cxd3 {[%emt 0:00:08]} d5 {[%emt 0:00:02]} 18. d4 {[%emt 0:17:41]} Qf5+ {[%emt 0:02:06]} 19. Ka1 {[%emt 0:00:11]} Nc2+ {[%emt 0:09:15]} 20. Ka2 {[%emt 0:00:22]} Nb4+ {[%emt 0:00:07]} 21. Ka1 {[%emt 0:00:06]} Nc2+ {[%emt 0:00:25]} 22. Ka2 {[%emt 0:00:08]} 1/2-1/2

[Event "XIV American Continental-ch 2019"]
[Site "Sao Paulo"]
[Date "2019.07.07"]
[Round "3.4"]
[White "Gareyev, Timur"]
[Black "Almiron, Antonio"]
[Result "1-0"]
[WhiteElo "2588"]
[BlackElo "2402"]
[Annotator "ChessBase"]
[PlyCount "57"]
[EventDate "2019.07.05"]
[EventType "swiss"]
[EventCountry "BRA"]
[SourceTitle "playchess.com"]
[Source "ChessBase"]
[SourceQuality "1"]
[TimeControl "40/5400+30:1800+30"]

1. Nf3 {[%emt 0:04:59]} d5 {[%emt 0:00:00]} 2. c4 {[%emt 0:00:07]} c6 {[%emt 0:00:08]} 3. g3 {[%emt 0:00:42]} g6 {[%emt 0:05:12]} 4. Qa4 {[%emt 0:02:25]} Nd7 {[%emt 0:09:53]} 5. cxd5 {[%emt 0:00:18]} cxd5 {[%emt 0:00:08]} 6. Bg2 {[%emt 0:01:08]} Bg7 {[%emt 0:00:16]} 7. Nc3 {[%emt 0:00:45]} Ngf6 {[%emt 0:00:26]} 8. d4 {[%emt 0:02:29]} O-O {[%emt 0:01:11]} 9. Bf4 {[%emt 0:00:38]} Nb6 {[%emt 0:03:53]} 10. Qb3 {[%emt 0:03:18]} Nh5 {[%emt 0:04:05]} 11. Bc1 {[%emt 0:05:53]} Nc4 {[%emt 0:04:23]} 12. O-O {[%emt 0:00:41]} Nf6 {[%emt 0:10:41]} 13. Ne5 {[%emt 0:04:20]} Na5 {[%emt 0:00:09]} 14. Qa3 {[%emt 0:02:58]} Re8 {[%emt 0:13:14]} 15. Bg5 {[%emt 0:02:53]} h6 {[%emt 0:02:57]} 16. Bxf6 {[%emt 0:06:10]} exf6 {[%emt 0:00:07]} 17. Nd3 {[%emt 0:00:06]} Be6 {[%emt 0:04:04]} 18. Rfc1 {[%emt 0:06:04]} Bf8 {[%emt 0:10:42]} 19. Qa4 {[%emt 0:00:28]} Rc8 {[%emt 0:07:58]} 20. Nf4 {[%emt 0:05:09]} Rc4 {[%emt 0:00:05]} 21. Qd1 {[%emt 0:00:23]} Nc6 {[%emt 0:00:14]} 22. e3 {[%emt 0:00:13]} Ne7 {[%emt 0:00:04]} 23. Bf1 {[%emt 0:03:46]} Rc8 {[%emt 0:00:24]} 24. Qb3 {[%emt 0:02:57]} Qd7 {[%emt 0:00:27]} 25. Bb5 {[%emt 0:00:20]} Nc6 {[%emt 0:00:07]} 26. Ncxd5 {[%emt 0:00:20]} Kg7 {[%emt 0:00:54]} 27. Nxf6 {[%emt 0:00:58]} Kxf6 {[%emt 0:08:43]} 28. d5 {[%emt 0:00:12]} Na5 {[%emt 0:00:23]} 29. Qa4 {[%emt 0:03:15]} 1-0

[Event "XIV American Continental-ch 2019"]
[Site "Sao Paulo"]
[Date "2019.07.07"]
[Round "3.5"]
[White "Umetsubo, Cesar Hidemitsu"]
[Black "Pichot, Alan"]
[Result "0-1"]
[WhiteElo "2406"]
[BlackElo "2579"]
[Annotator "RC"]
[PlyCount "126"]
[EventDate "2019.07.05"]
[EventType "swiss"]
[EventCountry "BRA"]
[SourceTitle "playchess.com"]
[Source "ChessBase"]
[SourceQuality "1"]
[TimeControl "40/5400+30:1800+30"]

1. d4 {[%emt 0:00:00]} Nf6 {[%emt 0:00:43]} 2. c4 {[%emt 0:00:00]} e6 {[%emt 0:00:24]} 3. Nc3 {[%emt 0:00:00]} Bb4 {[%emt 0:00:20]} 4. a3 {[%emt 0:00:08]} Bxc3+ {[%emt 0:00:19]} 5. bxc3 {[%emt 0:00:12]} b6 {[%emt 0:00:24]} 6. f3 {[%emt 0:00:39]} Nc6 {[%emt 0:00:22]} 7. e4 {[%emt 0:00:08]} d6 {[%emt 0:00:18]} 8. Bd3 {[%emt 0:04:00]} Na5 {[%emt 0:00:21]} 9. f4 {[%emt 0:07:27]} Bb7 {[%emt 0:02:15]} 10. Qe2 {[%emt 0:04:18]} Nb3 {[%emt 0:01:13]} 11. Rb1 {[%emt 0:00:14]} Nxc1 {[%emt 0:00:06]} 12. Rxc1 {[%emt 0:00:02]} e5 {[%emt 0:01:41]} 13. fxe5 {[%emt 0:19:34]} dxe5 {[%emt 0:00:39]} 14. Nf3 {[%emt 0:00:09]} Nd7 {[%emt 0:00:12]} 15. c5 {[%emt 0:07:31]} O-O {[%emt 0:07:03]} 16. O-O {[%emt 0:02:07]} bxc5 {[%emt 0:01:57]} 17. dxe5 {[%emt 0:14:23]} Qe7 {[%emt 0:01:16]} 18. Rb1 {[%emt 0:02:07]} Rab8 {[%emt 0:04:24]} 19. Rb2 {[%emt 0:02:21]} Bc6 {[%emt 0:18:44]} 20. Rxb8 {[%emt 0:00:48]} Rxb8 {[%emt 0:00:06]} 21. Bc4 {[%emt 0:02:31]} Nb6 {[%emt 0:04:31]} 22. Ba2 {[%emt 0:04:41]} Bd7 {[%emt 0:08:24]} 23. Qa6 {[%emt 0:08:13]} c4 {[%emt 0:01:05]} 24. Qa5 {[%emt 0:00:44]} a6 {[%emt 0:08:08]} 25. Rb1 {[%emt 0:06:30]} Bb5 {[%emt 0:01:07]} 26. Nd4 {[%emt 0:00:26]} Qxe5 {[%emt 0:07:15]} 27. a4 {[%emt 0:02:47]} Nxa4 {[%emt 0:00:12]} 28. Nxb5 {[%emt 0:01:18]} axb5 {[%emt 0:01:17]} 29. Qxa4 {[%emt 0:00:39]} Qxe4 {[%emt 0:00:32]} 30. Qa7 {[%emt 0:01:34]} Re8 {[%emt 0:07:25]} 31. Rf1 {[%emt 0:00:20]} Qe5 {[%emt 0:02:47]} 32. Qf2 {[%emt 0:01:37]} Re7 {[%emt 0:00:28]} 33. Qf3 {[%emt 0:00:59]} g6 {[%emt 0:02:05]} 34. Qf6 {[%emt 0:01:43]} Qxf6 {[%emt 0:02:04]} 35. Rxf6 {[%emt 0:00:02]} Kg7 {[%emt 0:05:07]} 36. Rf1 {[%emt 0:00:50]} Re3 {[%emt 0:00:15]} 37. Rc1 {[%emt 0:00:10]} Re2 {[%emt 0:01:30]} 38. Bb1 {[%emt 0:00:11]} f5 {[%emt 0:06:38]} 39. Bc2 {[%emt 0:00:35]} Kf6 {[%emt 0:01:30]} 40. Bd1 {[%emt 0:00:17]} Rb2 {[%emt 0:03:56]} 41. Kf1 {[%emt 0:09:36]} c5 {[%emt 0:02:44]} 42. Rc2 {[%emt 0:02:21]} Rb1 {[%emt 0:01:01]} 43. Ke1 {[%emt 0:02:48]} g5 {[%emt 0:00:24]} 44. Kd2 {[%emt 0:01:26]} g4 {[%emt 0:00:41]} 45. g3 {[%emt 0:07:57]} h5 {[%emt 0:00:34]} 46. Ra2 {[%emt 0:08:31]} b4 {[%emt 0:00:11]} 47. Be2 {[%emt 0:00:25]} b3 {[%emt 0:16:00]} 48. Ra6+ {[%emt 0:00:10]} Kg5 {[%emt 0:00:41]} 49. Bxc4 {[%emt 0:01:27]} b2 {[%emt 0:01:08]} 50. Kc2 {[%emt 0:01:58]} Rh1 {[%emt 0:00:29]} 51. Kxb2 {[%emt 0:00:05]} Rxh2+ {[%emt 0:00:04]} 52. Kb3 {[%emt 0:00:13]} Rg2 {[%emt 0:00:22]} 53. Bf7 {[%emt 0:00:30]} Rxg3 {[%emt 0:00:04]} 54. Rg6+ {[%emt 0:00:07]} Kf4 {[%emt 0:00:07]} 55. Rh6 {[%emt 0:00:11]} Rh3 {[%emt 0:00:13]} 56. Kc4 {[%emt 0:02:19]} g3 {[%emt 0:04:52]} 57. Rg6 {[%emt 0:00:35]} Rh4 {[%emt 0:01:05]} 58. Bd5 {[%emt 0:01:43]} Ke3+ {[%emt 0:01:32]} 59. Kxc5 {[%emt 0:00:13]} Rg4 {[%emt 0:00:48]} 60. Re6+ {[%emt 0:02:41]} Kf2 {[%emt 0:00:13]} 61. Re5 {[%emt 0:01:19]} Rf4 {[%emt 0:00:30]} 62. c4 {[%emt 0:00:49]} h4 {[%emt 0:00:13]} 63. Re8 {[%emt 0:00:54]} h3 {[%emt 0:00:14] Kd4} 0-1

[Event "XIV American Continental-ch 2019"]
[Site "Sao Paulo"]
[Date "2019.07.07"]
[Round "3.6"]
[White "Mecking, Henrique"]
[Black "Hernandez Sanchez, Jairo Andres"]
[Result "1/2-1/2"]
[WhiteElo "2576"]
[BlackElo "2387"]
[Annotator "TA"]
[PlyCount "90"]
[EventDate "2019.07.05"]
[EventType "swiss"]
[EventCountry "BRA"]
[SourceTitle "playchess.com"]
[Source "ChessBase"]
[SourceQuality "1"]

{[%evp 23,90,50,53,32,36,21,18,12,14,18,22,15,27,18,16,22,31,0,0,0,0,0,0,0,0,0,0,0,6,0,0,0,0,0,0,0,0,0,0,0,0,0,4,0,0,0,0,0,0,0,0,0,8,8,8,0,0,0,0,0,0,0,8,8,8,0,8,8,8]} 1. d4 Nf6 2. c4 g6 3. Nc3 Bg7 4. e4 d6 5. f3 O-O 6. Be3 c5 7. Nge2 cxd4 8. Nxd4 Nc6 9. Be2 Bd7 10. Qd2 Nxd4 11. Bxd4 a5 12. O-O Bc6 13. Nd5 {B38: Sicilian: Maroczy Bind with 5...Bg7 and 7...0-0} (13. b3 Nd7 14. Be3 Nc5 15. Rac1 e6 16. Nb5 Be5 17. Bg5 Qb6 18. Qe3 Bxb5 19. cxb5 Rfc8 20. Kh1 a4 21. b4 Nd7 22. Qd2 Qd4 23. Qxd4 Bxd4 {0-1 (39) Lenderman,A (2637)-Shimanov,A (2610) chess.com INT 2019}) 13... Nd7 14. Bxg7 Kxg7 15. Kh1 Nc5 16. Rad1 Re8 {[#]} 17. Rfe1 $146 ({Predecessor:} 17. Ne3 Qb6 18. Qc3+ f6 19. Qc1 Rad8 20. Rf2 h5 21. Bf1 e5 {1-0 (21) Berelowitsch,A (2515)-Appolonov,S (2375) Moscow 1998}) 17... Bxd5 18. exd5 e5 19. dxe6 $1 Rxe6 20. Qd4+ (20. Bf1 {with more complications.} Rxe1 21. Qxe1 Qf6 22. Qd2 b6 23. Kg1) 20... Qf6 {The position is equal.} 21. Qxf6+ Kxf6 22. Kg1 Ra6 23. Rd2 Rb6 24. Rb1 Na4 25. Bd3 Ke7 26. Kf2 Nc5 27. Bc2 a4 28. b4 axb3 $1 29. axb3 Rb4 30. Rdd1 Kd7 31. Ra1 Re8 32. Ra3 Kc7 33. Re1 Rxe1 34. Kxe1 $11 {[%mdl 4096] Endgame KRB-KRN} d5 35. cxd5 Rd4 36. Ra8 Rxd5 37. Rh8 h5 38. Rh7 Rd7 $1 39. g4 hxg4 40. fxg4 Ne6 41. h4 Nd4 42. Bd1 f5 43. Rxd7+ Kxd7 44. gxf5 gxf5 45. Kd2 Ke6 {Accuracy: White = 66%, Black = 82%.} 1/2-1/2